Biggest Cities in Uzbekistan Quiz - Statistics

General Stats
  • This quiz has been taken 127 times
  • The average score is 7 of 18
Answer Stats
Population City % Correct
2,571,668 Tashkent
100%
546,303 Samarkand
86%
280,187 Bukhara
70%
288,850 Fergana
58%
319,583 Nukus
53%
626,120 Namangan
47%
441,700 Andijan
40%
143,750 Urgench
35%
252,730 Kokand
32%
144,158 Navoiy
29%
274,891 Qarshi
29%
179,572 Termez
28%
177,447 Jizzakh
27%
235,024 Margilan
21%
188,360 Angren
16%
139,113 Shahrisabz
16%
157,220 Chirchiq
10%
131,111 Bekabad
1%
No matching quizzes found
Score Distribution
Percent of People with Each Score
Percentile by Number Answered
Your Score History
You have not taken this quiz